Detekcia objektov v mračne bodov
Na minha lista:
| Autor principal: | |
|---|---|
| Outros Autores: | |
| Formato: | Manuscrito Livro |
| Idioma: | eslovaco |
| Publicado em: |
Bratislava :
STU v Bratislave FEI,
2024
|
| Assuntos: | |
| Acesso em linha: | https://opac.crzp.sk/?fn=detailBiblioFormChildU19741&sid=DDCD2C6FBCAD481F2B4EC3B200E4&seo=CRZP-detail-kniha |
| Tags: |
Sem tags, seja o primeiro a adicionar uma tag!
|
MARC
| LEADER | 00000ntm a22000003a 4500 | ||
|---|---|---|---|
| 001 | stuzp96460 | ||
| 003 | SK-STU | ||
| 005 | 20250328133901.9 | ||
| 007 | ta | ||
| 008 | 150427s2015----xo-----f-mn---000-0-slo-d | ||
| 040 | |a STU |b slo | ||
| 041 | 0 | |a slo | |
| 044 | |a xo | ||
| 100 | 1 | |a Cauner, Dávid |u 031000 |4 aut |U FEI Fakulta elektrotechniky a informatiky |T FEI Ústav robotiky a kybernetiky |X 115002 |U E011 |Y 356 |7 115002 | |
| 242 | 0 | 1 | |a Object Detection in a Point Cloud |y eng |
| 245 | 1 | 0 | |a Detekcia objektov v mračne bodov |
| 260 | |a Bratislava : |b STU v Bratislave FEI, |c 2024 | ||
| 300 | |a 50 s. | ||
| 650 | 4 | |a detekcia objektov |2 slo | |
| 650 | 4 | |a Euclidean Cluster Extraction |2 slo | |
| 650 | 4 | |a Formula Student Driverless |2 slo | |
| 650 | 4 | |a DBSCAN |2 slo | |
| 650 | 4 | |a LiDAR |2 slo | |
| 650 | 4 | |a mračno bodov |2 slo | |
| 650 | 4 | |a RANSAC |2 slo | |
| 650 | 4 | |a segmentácia |2 slo | |
| 650 | 4 | |a DBSCAN |2 eng | |
| 650 | 4 | |a Euclidean Cluster Extraction |2 eng | |
| 650 | 4 | |a Formula Student Driverless |2 eng | |
| 650 | 4 | |a LiDAR |2 eng | |
| 650 | 4 | |a object detection |2 eng | |
| 650 | 4 | |a point cloud |2 eng | |
| 650 | 4 | |a RANSAC |2 eng | |
| 650 | 4 | |a segmentation |2 eng | |
| 700 | 1 | |a Lučan, Martin |u 031000 |k Z8 |4 ths |U FEI Fakulta elektrotechniky a informatiky |T FEI Ústav robotiky a kybernetiky |X 63134 |U E011 |Y 356 |7 63134 | |
| 856 | 4 | |u https://opac.crzp.sk/?fn=detailBiblioFormChildU19741&sid=DDCD2C6FBCAD481F2B4EC3B200E4&seo=CRZP-detail-kniha | |